Largest Cathedrals in the World - Statistics

General Stats
  • This quiz has been taken 177 times
  • The average score is 10 of 25
Answer Stats
Cathedral City % Correct
Saint Paul's Cathedral London, UK
88%
Basilica of Saint Paul Outside the Walls Rome, Italy
88%
Saint Peter's Basilica Vatican City
85%
Hagia Sophia* Istanbul, Turkey
79%
_____ Cathedral Milan, Italy
68%
Cathedral of Saint John the Divine New York City, USA
65%
Basilica of Our Lady Guadaloupe Mexico City, Mexico
58%
_____ Cathedral Cologne, Germany
55%
_____ Cathedral Florence, Italy
49%
_____ National Cathedral Washington DC, USA
46%
Basilica of the National Shrine of the Immaculate Conception Washington DC, USA
46%
_____ Cathedral Seville, Spain
36%
Basilica of the Sacred Heart Brussels, Belgium
27%
_____ Cathedral Liverpool, UK
23%
San Petronio Bologna, Italy
22%
Saint Joseph's Oratory Montreal, Canada
20%
Basilica-Cathedral of Our Lady of the Pillar Zaragoza, Spain
19%
Cathedral of Saint Sava Belgrade, Serbia
18%
_____ Minster Ulm, Germany
17%
_____ Cathedral Amiens, France
16%
Cathedral of Our Lady Antwerp, Belgium
16%
Basilica of Our Lady of Peace Yamoussoukro, Cote d'Ivoire
10%
Basilica of the National Shrine of our Lady ___ Aparecida, Brazil
8%
Church of the Most Holy Trinity Fatima, Portugal
6%
Basilica of Our Lady ____ Lichen Stary, Poland
5%
No matching quizzes found
Score Distribution
Percent of People with Each Score
Percentile by Number Answered
Your Score History
You have not taken this quiz